000 00558nam a2200193 a 4500
005 20240228063626.0
008 060623s2001 mx r 000 0 spa d
020 _a8495319292
035 _aUPN01000145466
049 _aI
050 4 _aPQ6175
_bA4.3
100 1 _aAlmonte, Alfonsa de
245 1 0 _aDoñana, 8.3.8. /
_cAlfonsa de Almonte.
260 _aMadrid :
_bHergué :
_bFundación Doñana 21,
_c2001.
300 _a78 p. :
_bil.
650 4 _aLiteratura infantil española
_95892
650 0 _aValores
_vLiteratura juvenil
_96771
905 _aInfantil
999 _c117612
_d117612